| 000 | 00662nam a2200229Ia 4500 | ||
|---|---|---|---|
| 005 | 20260429112016.0 | ||
| 008 | 260429s9999||||xx |||||||||||||| ||und|| | ||
| 020 | _a9781032599045 | ||
| 041 | _aEnglish | ||
| 082 |
_a378.173 _bCHA |
||
| 100 | _aChan, Cecilia Ka Yuk | ||
| 245 | 0 |
_aGenerative AI in higher education : _bthe ChatGPT effect / _cCecilia Ka Yuk Chan |
|
| 250 | _a1st ed. | ||
| 260 |
_aNew Delhi : _bRoutledge, _c2024. |
||
| 300 | _axxv, 260 p.; pbk | ||
| 650 | _a ChatGPT | ||
| 650 | _a Educational technology | ||
| 650 | _a Higher education | ||
| 650 | _aArtificial intelligence in education | ||
| 700 | _a Colloton, Tom | ||
| 942 | _cTB | ||
| 999 |
_c51867 _d51867 |
||